| 000 | 00760nam a2200265Ia 4500 | ||
|---|---|---|---|
| 008 | 171025s9999 xx 000 0 und d | ||
| 020 | _a9780761114055 | ||
| 050 | _a658.3 | ||
| 050 | _bN424 1999 | ||
| 100 | _aNelson, Bob | ||
| 245 | _a1001 ways to take initiative at work / | ||
| 245 | _cBob Nelson. | ||
| 260 | _aUSA : | ||
| 260 | _bWorkman, | ||
| 260 | _c1999 | ||
| 300 | _axv, 240 pages : | ||
| 300 | _billustrations ; | ||
| 300 | _c20cm. | ||
| 500 | _aIncludes index and appendix. | ||
| 650 | _aEmployee motivation. | ||
| 650 | _aIndustrial efficiency. | ||
| 650 | _aLeadership. | ||
| 700 | _aTitle : One thousand and one ways employees can take initiative. | ||
| 700 | _aTitle : One thousand one ways employees can take initiative. | ||
| 999 |
_c344531 _d344531 |
||